Urban and regional planning

Αποθηκεύτηκε σε:
Λεπτομέρειες βιβλιογραφικής εγγραφής
Κύριος συγγραφέας: Hall, Peter
Μορφή: Βιβλίο
Γλώσσα:English
Δημοσίευση: London : Routledge, 1992
Έκδοση:3rd ed.
Θέματα:
Ετικέτες: Προσθήκη ετικέτας
Δεν υπάρχουν, Καταχωρήστε ετικέτα πρώτοι!

MARC

LEADER 00000nam a2200000 i 4500
001 1/57192
008 980512s1992 eng d
020 |a 0415076242 
035 |l 10028150 
040 |a GR-MY-UA  |b gre  |e aacr 
041 0 |a eng 
082 0 |a 361.60941 
100 1 |a Hall, Peter. 
245 1 0 |a Urban and regional planning /  |c Peter Hall 
250 |a 3rd ed. 
260 |a London :   |b Routledge,   |c 1992 
300 |a xii, 259 σ. 
504 |a Περιλαμβάνει ευρετήριο 
650 0 0 |a City planning. 
650 0 0 |a Regional planning. 
852 |a INST  |b CHIOS  |e 19980512  |h 361.60941 HAL  |p 005200016543  |q 005200016543  |t BK  |y 0 
901 |a BIBL2-1998-2 
909 |a Χ  |b 054508 
922 |a 2ΕΛΗ  |b 199803  |c ΑΓΓΕΛΗΣ  |d ΠΑΠΑΣΩΤΗΡΙΟΥ